| 000 | 01687nab a22002297a 4500 | ||
|---|---|---|---|
| 999 |
_c5765 _d5765 |
||
| 003 | OSt | ||
| 005 | 20260109000417.0 | ||
| 008 | 190514b xxu||||| |||| 00| 0 spa d | ||
| 040 | _cPJ | ||
| 100 |
_96681 _aPérez Ovalle, Pamela B. |
||
| 245 | 1 | 0 |
_aAdopciones : _bprocesos excluyentes y el deber de alimentos a la luz del interés superior de niños, niñas y adolescentes / _cPamela B. Pérez Ovalle. |
| 300 | _ap. 99-108 | ||
| 505 | _aSumario: I. Palabras introductorias.— II. El caso en análisis.— III. Algunos conceptos: la adopción como fuente de filiación en el nuevo paradigma. El derecho de NNA a tener una vida en familia.— IV. Hablemos con propiedad: son procesos excluyentes.— V. La controversia respecto de la fijación de una cuota alimentaria como consecuencia de un proceso excluyente.— VI. El interés superior de la niña como eje central. Su condición de vulnerabilidad y la protección reforzada.— VII. Los alimentos. Concepto y fuentes actuales de la obligación.— VIII. La aplicación analógica de la obligación alimentaria del progenitor afín.— IX. Los nuevos tipos de familia y el principio de solidaridad familiar.— X. Reflexiones finales. | ||
| 505 | _tFallo comentado: CCiv. y Com., Mercedes, sala II, 18/02/2025. - L. Y. s/ abrigo. | ||
| 650 | 0 |
_9967 _aDERECHO DE FAMILIA |
|
| 650 | 0 |
_92741 _aDERECHOS DE LAS NIÑAS, NIÑOS Y ADOLESCENTES |
|
| 650 | 0 |
_9974 _aADOPCIÓN |
|
| 650 | 0 |
_9968 _aALIMENTOS |
|
| 650 | 0 |
_91057 _aJURISPRUDENCIA APLICABLE |
|
| 773 | 0 |
_02844 _93222 _dBuenos Aires : AbeledoPerrot, 1989- _tDerecho de familia. Revista Interdisciplinaria de doctrina y jurisprudencia. Agosto 2025-IV. _z18511201 |
|
| 942 |
_2udc _cANA |
||